00606 2200193 4500001002100000005001500021035002000036007000300056008003900059082000700098084001300105100001400118245018600132250001000318260004500328300001200373600001200385990001500397INLIS00000000000772420250807112801 a0010-0825000058ta250807 | | |  a41 a41 RIP t0 aRIPANSYAH1 aTANGGAPAN PEMILIK RUMAH WALET TERHADAP KEWAJIBAN MEMBAYAR ZAKAT( Studi Terhadap Pemilik Rumah Walet di Desa Bantian Kecamatan Pulau Hanaut Kabupaten Kotawaringin Timur) /cRIPANSYAH aCet 1 aPalangka Raya :bPerpustakaan UMP,c2018 a64 hlmn 4aSKRIPSI a1441015799